Cézanne: un estudio de su evolución

Saved in:
書目詳細資料
主要作者: Fry, Roger Eliot (Author)
格式: 圖書
語言:西班牙语
出版: Pamplona EUNSA 2008
叢編:Colección Cátedra Félix Huarte, 21
主題:
標簽: 添加標簽
沒有標簽, 成為第一個標記此記錄!

MARC

LEADER 00000cam a2200000 a 4500
001 UCF1127
003 CL-VaPUC
008 120621e20080000SP |||||||||||||||||spa|d
020 |a 9788431325398 
082 0 4 |a 709.0344  |b FRY  |2 21 
100 0 |a Fry, Roger Eliot  |e author  |9 562788 
245 1 0 |a Cézanne: un estudio de su evolución 
300 |a 159 P 
942 |c BK 
945 |d 20120621 00:00:00  |a dcastane 
260 |a Pamplona  |b EUNSA  |c 2008 
600 0 |a Cézanne, Paul   |d 1839-1906  |9 545432 
650 7 |a IMPRESIONISMO  |2 CL-VaPUC  |9 324638 
650 0 |a Pintores franceses   |9 340354 
650 7 |a PINTURAS FRANCESAS  |2 CL-VaPUC  |9 562789 
650 0 |a Historia del arte  |9 314877 
650 0 |a Biografías  |9 255210 
583 |a last modification  |c 20120621 10:53:00  |k Rodrigo Vera 
490 0 |a Colección Cátedra Félix Huarte, 21 
999 |c 348096  |d 348094 
952 |0 0  |1 0  |4 0  |6 709_034400000000000_FRY_2008  |7 0  |8 A  |9 449971  |a BIBART  |b BIBART  |d 2019-11-22  |i 4876350  |l 1  |o 709.0344 FRY 2008  |p 4876350  |r 2025-03-13  |s 2023-11-27  |w 2019-11-22  |y BK  |k ART